| 000 | 00827cam a22002653a 4500 | ||
|---|---|---|---|
| 001 | 17455 | ||
| 003 | PGUSA | ||
| 005 | 20140828083355.0 | ||
| 008 | 060104s2006||||xxu|||||s|||||000 1 eng d | ||
| 040 |
_aPGUSA _beng |
||
| 042 | _adc | ||
| 050 | 4 | _aPK | |
| 100 | 1 |
_aChatterji, Bankim Chandra, _d1838-1894 |
|
| 245 | 1 | 4 |
_aThe Poison Tree : _bA Tale of Hindu Life in Bengal _h[electronic resource] / _cBankim Chandra Chatterji |
| 260 |
_bProject Gutenberg, _c2006 |
||
| 506 | _aPublic domain in the USA. | ||
| 516 | _aElectronic text | ||
| 653 | _aIndia -- Social life and customs -- Fiction | ||
| 653 | _aTriangles (Interpersonal relations) -- Fiction | ||
| 700 | 1 | _aKnight, Miriam S. | |
| 740 | 0 | _aBisha Briksha | |
| 830 | 0 |
_aProject Gutenberg _v17455 |
|
| 856 | 4 | 0 | _uhttp://www.gutenberg.org/ebooks/17455 |
| 942 | _cEB | ||
| 999 |
_c246710 _d246710 |
||